Revolver (The Beatles) (Record n. 100255)
[ formato base ]
| 000 -LEADER | |
|---|---|
| fixed length control field | 01298njm a2200289Ia 4500 |
| 001 - CONTROL NUMBER | |
| control field | 61806 |
| 003 - CONTROL NUMBER IDENTIFIER | |
| control field | IT-RoPAU |
| 005 - DATE AND TIME OF LATEST TRANSACTION | |
| control field | 20220918181127.0 |
| 008 - FIXED-LENGTH DATA ELEMENTS--GENERAL INFORMATION | |
| fixed length control field | 131025s9999 xx 000 0 und d |
| 040 ## - CATALOGING SOURCE | |
| Original cataloging agency | IT-RoPAU |
| 040 ## - CATALOGING SOURCE | |
| Transcribing agency | IT-RoPAU |
| 041 ## - LANGUAGE CODE | |
| Language code of text/sound track or separate title | INGLESE |
| 999 ## - SYSTEM CONTROL NUMBERS (KOHA) | |
| Koha Dewey Subclass [OBSOLETE] | n.d. |
| 100 ## - MAIN ENTRY--PERSONAL NAME | |
| Personal name | Beatles (The) |
| 9 (RLIN) | 23123 |
| 100 ## - MAIN ENTRY--PERSONAL NAME | |
| Relator term | Autore musica |
| 9 (RLIN) | 23124 |
| 100 ## - MAIN ENTRY--PERSONAL NAME | |
| Miscellaneous information | Codice autore musica SPICS: 9428 |
| 9 (RLIN) | 23125 |
| 245 ## - TITLE STATEMENT | |
| Title | Revolver (The Beatles) |
| 250 ## - EDITION STATEMENT | |
| Edition statement | 2a ed. |
| 260 ## - PUBLICATION, DISTRIBUTION, ETC. (IMPRINT) | |
| Place of publication, distribution, etc. | ENGLAND |
| 260 ## - PUBLICATION, DISTRIBUTION, ETC. (IMPRINT) | |
| Name of publisher, distributor, etc. | EMI RECORDS |
| Date of publication, distribution, etc. | 1987 [1a Ed.:1966 - Ed. Lingua Orig.: 1966] |
| 300 ## - PHYSICAL DESCRIPTION | |
| Extent | COMPACT DISC |
| 500 ## - GENERAL NOTE | |
| General note | Musica pop. |
| 505 ## - FORMATTED CONTENTS NOTE | |
| Formatted contents note | Taxman (Harrison) - Eleanor Rigby (Lennon-McCartney) - I'm Only Sleeping (Lennon-McCartney) - Here, There and Everywhere (Lennon-McCartney) - Yellow Submarine (Lennon-McCartney) - She Sayd She Sayd (Lennon-McCartney) - Good Day Sunshine (Lennon-McCartney) - And Your Bird Can Sing (Lennon-McCartney) - For No One (Lennon-McCartney)* Doctor Robert (Lennon-McCartney) - I Want To Tell You (Harrison) - Got To Get You Into My Life (Lennon-McCartney) - Tomorrow Never Knows (Lennon-McCartney) |
| 650 ## - SUBJECT ADDED ENTRY--TOPICAL TERM | |
| Topical term or geographic name as entry element | POP [COMPACT DISC] |
| Relator term | Codice MATERIA SPICS: 9949 |
| 9 (RLIN) | 10570 |
| 700 ## - ADDED ENTRY--PERSONAL NAME | |
| Personal name | Beatles (The) |
| Miscellaneous information | Codice interprete SPICS: 9428 |
| Relator term | Interprete |
| 9 (RLIN) | 23126 |
| 942 ## - ADDED ENTRY ELEMENTS (KOHA) | |
| Koha item type | CD AUDIO |
| Source of classification or shelving scheme | Dewey Decimal Classification |
| Withdrawn status | Lost status | Damaged status | Not for loan | Home library | Current library | Date acquired | Total Checkouts | Full call number | Date last seen | Price effective from | Koha item type | Public note |
|---|---|---|---|---|---|---|---|---|---|---|---|---|
| Buone Condizioni | Not For Loan | SPICS-MEDIATECA | SPICS-MEDIATECA | 25/10/2013 | 61806 | 25/10/2013 | 25/10/2013 | CD AUDIO | Progr. Ins.: 15720 / N.Vol.: 1 / Copie: 1 - Copia rara: n.d. / date import: 01.01.2014 - By Epidotti, Trombetti, Vaglietti |